| 000 | 00351 a2200133 4500 | ||
|---|---|---|---|
| 000 | nam a22 7a 4500 | ||
| 100 | _aTiwari, Jitendra | ||
| 110 | _aTiwari, Jitendra | ||
| 245 | _aPhysical Education - A Key to Success | ||
| 250 | _aLatest edition | ||
| 260 |
_bKhel Sahitya Kendra _c2025 |
||
| 264 |
_bKhel Sahitya Kendra _c2025 |
||
| 942 | _cBK | ||
| 999 |
_c394171 _d394171 |
||